International marketing : an SME perspective / (Record no. 8979)
[ view plain ]
| 000 -LEADER | |
|---|---|
| fixed length control field | 00875nac a22002291u 4500 |
| 010 ## - LIBRARY OF CONGRESS CONTROL NUMBER | |
| LC control number | 010335777 |
| 020 ## - INTERNATIONAL STANDARD BOOK NUMBER | |
| International Standard Book Number | 0273673238 (pbk) |
| 082 ## - DEWEY DECIMAL CLASSIFICATION NUMBER | |
| Classification number | 658.848 |
| Item number | DEB |
| 090 ## - LOCALLY ASSIGNED LC-TYPE CALL NUMBER (OCLC); LOCAL CALL NUMBER (OCLC) | |
| -- | 8979 |
| -- | 8979 |
| 100 ## - MAIN ENTRY--PERSONAL NAME | |
| Personal name | 769;n. |
| 245 ## - TITLE STATEMENT | |
| Title | International marketing : an SME perspective / |
| Statement of responsibility, etc | 769;n De Bu& |
| -- | 769;rca, Richard Fletcher, Linden Brown. |
| -- | Sea& |
| 260 ## - PUBLICATION, DISTRIBUTION, ETC. (IMPRINT) | |
| Place of publication, distribution, etc | Harlow : |
| Name of publisher, distributor, etc | Financial Times Prentice Hall, C.2004. |
| Date of publication, distribution, etc | C.2004. |
| 300 ## - PHYSICAL DESCRIPTION | |
| Extent | 744 p. ; |
| Other physical details | 25cm. |
| 500 ## - GENERAL NOTE | |
| General note | Distributer: Baccah. |
| 504 ## - BIBLIOGRAPHY, ETC. NOTE | |
| Bibliography, etc | Includes bibliographical references and index. |
| 511 ## - PARTICIPANT OR PERFORMER NOTE | |
| Participant or performer note | Catalogued By: Mahitab. |
| 650 ## - SUBJECT ADDED ENTRY--TOPICAL TERM | |
| Topical term or geographic name as entry element | Export marketing. |
| 700 ## - ADDED ENTRY--PERSONAL NAME | |
| Personal name | Fletcher, Richard, 1940- |
| Titles and other words associated with a name | 1940- |
| 700 ## - ADDED ENTRY--PERSONAL NAME | |
| Personal name | Brown, Linden. |
| 942 ## - ADDED ENTRY ELEMENTS (KOHA) | |
| Item type | Book - Borrowing |
| Call number prefix | 658.848 DEB |
| Withdrawn status | Item status | Damaged status | Not for loan | Home library | Current library | Shelving location | Date acquired | Source of acquisition | Total Checkouts | Total Renewals | Full call number | Barcode | Date last seen | Date last borrowed | Koha item type |
|---|---|---|---|---|---|---|---|---|---|---|---|---|---|---|---|
| Central Library | Central Library | First floor | 01/04/2008 | Purchase | 8 | 3 | 658.848 DEB | 000010954 | 15/07/2025 | 08/04/2013 | Book - Borrowing |